Schnelle Mathematik - Potenzierung - Statistiken

Allgemein
  • Dieses Quiz wurde 153 mal gespielt
  • Das Durchschnittsergebnis liegt bei 9 aus 20
Antwortstatistiken
Frage Antwort % Korrekt
0
100%
0
100%
1⁰ 1
100%
1
100%
2⁰ 1
100%
6⁰ 1
100%
8⁰ 1
100%
10⁰ 1
100%
10¹ 10
100%
10² 100
100%
11² 121
100%
2⁴ 16
100%
16
100%
40² 1600
100%
50² 2500
100%
4
100%
5
100%
6
100%
64
100%
7
100%
8
100%
81
100%
9
100%
4
86%
9⁰ 1
83%
25
83%
1
80%
1
80%
3⁰ 1
80%
4⁰ 1
80%
10³ 1000
80%
13² 169
80%
36
80%
12² 144
75%
2
75%
3⁵ 243
75%
3
75%
64
75%
5⁰ 1
71%
7⁰ 1
67%
15² 225
67%
20² 400
67%
8
60%
9
60%
2⁸ 256
57%
27
57%
60² 3600
57%
49
57%
0
50%
2¹⁰ 1024
50%
125
50%
14² 196
50%
2¹¹ 2048
50%
4⁴ 256
50%
16² 256
50%
2⁵ 32
50%
729
50%
3⁴ 81
50%
30² 900
50%
25² 625
44%
2⁷ 128
40%
2⁶ 64
40%
11³ 1331
33%
49² 2401
33%
53² 2809
33%
58² 3364
33%
21² 441
33%
22² 484
33%
2⁹ 512
33%
15³ 3375
25%
17² 289
22%
42² 1764
20%
3⁷ 2187
20%
18² 324
20%
29² 841
20%
6⁴ 1296
17%
19² 361
17%
512
17%
24² 576
17%
4⁵ 1024
14%
41² 1681
14%
32² 1024
0%
33² 1089
0%
34² 1156
0%
35² 1225
0%
36² 1296
0%
37² 1369
0%
38² 1444
0%
39² 1521
0%
12³ 1728
0%
43² 1849
0%
44² 1936
0%
45² 2025
0%
46² 2116
0%
216
0%
13³ 2197
0%
47² 2209
0%
48² 2304
0%
7⁴ 2401
0%
51² 2601
0%
52² 2704
0%
14³ 2744
0%
54² 2916
0%
55² 3025
0%
5⁵ 3125
0%
56² 3136
0%
57² 3249
0%
343
0%
59² 3481
0%
23² 529
0%
5⁴ 625
0%
26² 676
0%
3⁶ 729
0%
27² 729
0%
28² 784
0%
31² 961
0%
Keine übereinstimmenden Quizze gefunden
Verteilung der Resultate
Anzahl Personen mit jedem Resultat
Perzentil nach korrekt beantworteten Fragen
Ihre Resultats-Entwicklung
Sie haben dieses Quiz noch nicht gespielt